The Art of classroom inquiry : (Record no. 2143)
[ view plain ]
| 000 -LEADER | |
|---|---|
| fixed length control field | 00773cam a22002292 4500 |
| 001 - CONTROL NUMBER | |
| control field | 0000003550 |
| 005 - DATE AND TIME OF LATEST TRANSACTION | |
| control field | 20151217145736.0 |
| 008 - FIXED-LENGTH DATA ELEMENTS--GENERAL INFORMATION | |
| fixed length control field | 070509s xx 000 0 eng d |
| 020 ## - INTERNATIONAL STANDARD BOOK NUMBER | |
| International Standard Book Number | 0325005435 : |
| Terms of availability | KES 3,995 |
| 040 ## - CATALOGING SOURCE | |
| Original cataloging agency | KABU |
| Transcribing agency | KABU |
| 050 #0 - LIBRARY OF CONGRESS CALL NUMBER | |
| Classification number | LB1028.25 |
| Item number | .H83 2003 |
| 100 1# - MAIN ENTRY--PERSONAL NAME | |
| Personal name | Hubbard, Ruth Shagoury. |
| -- | 0000153546 |
| 245 14 - TITLE STATEMENT | |
| Title | The Art of classroom inquiry : |
| Remainder of title | a handbook for teacher-researchers / |
| Statement of responsibility, etc. | Ruth Shagoury Hubbard and Brenda Miller Power. |
| 250 ## - EDITION STATEMENT | |
| Edition statement | Rev. ed. |
| 260 ## - PUBLICATION, DISTRIBUTION, ETC. (IMPRINT) | |
| Place of publication, distribution, etc. | Portsmouth, NH : |
| Name of publisher, distributor, etc. | Heinemann, |
| Date of publication, distribution, etc. | 2003. |
| 300 ## - PHYSICAL DESCRIPTION | |
| Extent | xx, 235 p. |
| 650 #0 - SUBJECT ADDED ENTRY--TOPICAL TERM | |
| Topical term or geographic name as entry element | Education |
| General subdivision | Research |
| Geographic subdivision | United States. |
| -- | 0000153547 |
| 700 1# - ADDED ENTRY--PERSONAL NAME | |
| Personal name | Power, Brenda Miller. |
| -- | 0000153548 |
| 908 ## - PUT COMMAND PARAMETER (RLIN) | |
| Put command parameter | 070509 |
| 950 ## - LOCAL HOLDINGS (RLIN) | |
| -- | 1 |
| Withdrawn status | Lost status | Source of classification or shelving scheme | Not for loan | Home library | Current library | Date acquired | Total Checkouts | Full call number | Barcode | Date last seen | Price effective from | Koha item type |
|---|---|---|---|---|---|---|---|---|---|---|---|---|
| Library of Congress Classification | Kabarak, Main Campus | Kabarak, Main Campus | 17/12/2015 | LB1028.25 .H83 2003 | 006869 | 17/12/2015 | 17/12/2015 | General Collection |